Obras / [por] Anscar Dom. Vonier ; tr. por. Beda Lázaro, O.S.B.

Na minha lista:
Detalhes bibliográficos
Autor principal: Vonier, Ansar (autor)
Formato: Livro
Assuntos:
Tags: Adicionar Tag
Sem tags, seja o primeiro a adicionar uma tag!

MARC

LEADER 00000nam^a2200000^u^4500
001 000544195
005 20250521000000.0
008 060220s1000^^^^^^^^^^^^r^^^^^000^0^spa^d
009 20260310131322.728
035 |a FMI 000013300 
037 |a Acervo Xavier Clavigero 
096 |a 5.2/27/B 
100 |a Vonier, Ansar  |e (autor) 
245 1 0 |a Obras / [por] Anscar Dom. Vonier ; tr. por. Beda Lázaro, O.S.B. 
264 |a Barcelona : Litúrgica Española, 1963 
300 |a 3 v. 
336 |a texto  |b txt  |2 rdacontenido 
337 |a sin mediación  |b n  |2 rdamedio 
338 |a volumen  |b nc  |2 rdasoporte 
597 |a t. I. La mente cristiana...--t. II. El espíritu y la Esposa...t. III. El alma humana... 
649 |a XX 
650 |a Tratado sobre Dios 
910 |a Fondo Francisco Migoya Covarrubias S.J. 
920 |a Impresos - Libros 
930 |a Fondos Especiales 
905 |a 134 
901 |a SBC06338  |b IT2  |c ESP  |u 20250521 
901 |a SBC06339  |b IT2  |c ESP  |u 20250521 
901 |a SBC06340  |b IT2  |c ESP  |u 20250521 
902 |a https://opac.biblio.iteso.mx/vufind/Record/000544195